Регионална библиотека "Любен Каравелов" - Русе

Културните растения в България (Запис номер 56940)

MARC детайли
000 -Лидер
Контролно поле с фиксирана дължина 01452nam a2200313 c 4500
003 - Код на организацията, давaща контролен номер
Контролно поле BLK
005 - Дата и час на последна редакция
Контролно поле 20180422102037.0
008 - Елементи от данни с фиксирана дължина
fixed length control field 180408b bul|||||r ||||||| ||bul||
010 ## - Наследен системен номер
LC control number KNG00060927000
040 ## - Източник на каталожния запис
Идентификатор на билиотеката - собственик на записа BLK
041 ## - Код за език
Код за езика на текст/звукозапис или на отделно заглавие Български
Код за езика КДБФ Български
080 ## - УДК
Текстов определител УДК Растениевъдство в цялост. Полевъдство. Градинарство. Зеленчукопроизводство
УДК код - определител по УДК 633/635
УДК определител (497.2)
УДК - код + определител 633/635(497.2)
100 1# - Редна дума - Автор
Автор Китанов, Борис Павлов
Авторска отговорност първи автор
R(LIN) 363543
139 ## - Редно поле
Редна дума Китанов, Борис Павлов
Авторски знак Кит - К 61
245 10 - Сведения за заглавието
Заглавие Културните растения в България
Подзаглавни данни Морфология, произход, история и значение
Редно поле (дума) Борис Павлов Китанов.
257 ## - Страна на издаване
Страна на създаване/издаване България
260 ## - Област на издателските данни
-- София
Име на издателя, разпространителя и проч. Наука и изкуство
Година на издаване 1986
300 ## - Физическа характеристика
Страници 327 с.
Размери/Мащаб 22 см
380 ## - Жанр
Жанр Селско стопанство
500 ## - Общи забележки
Забележка Указател на българските названия на растенията ; Указател на лат. наименования на растенията.
650 #4 - Допълнително описание по предмет – тема
Основно описание – тема или топоним Растения - България - справочници
9 (RLIN) 266534
650 #4 - Допълнително описание по предмет – тема
Основно описание – тема или топоним Селскостопански култури
9 (RLIN) 286996
653 ## - Ключова дума – ненормативна
Ключова дума растения
852 ## - Местоположение
Форматна сигнатура Цб 145363
856 4# - Електронен адрес и достъп
Електронен формат pdf - файл
Път до файла /url/
856 4# - Електронен адрес и достъп
Електронен формат pdf - файл
Път до файла /url/
942 ## - АРТИКУЛИ
Вид на библиотечния материал Книги
Скрит в OPAC Не
944 ## - СЪЗДАВАНЕ И РЕДАКЦИЯ на ЗАПИСА
Създаване/Редакция Създаване
Дата на регистрацията/редакция 13.06.2004
Служител, извършил регистрацията/редакцията Виолета_Тройчева
944 ## - СЪЗДАВАНЕ И РЕДАКЦИЯ на ЗАПИСА
Създаване/Редакция Редакция
Дата на регистрацията/редакция 28.06.2017
Служител, извършил регистрацията/редакцията Теодора_Стоянова
999 ## - СИСТЕМНИ КОНТРОЛНИ НОМЕРА
Koha biblionumber 56940
Koha biblioitemnumber 56940
Наличности
Код за отписване Код за изгубен артикул Източник на класификационната схема Код за повреда Коз за рестрикции Код за отдаване Артикулен № Име на библиотеката - собственик Име на библиотеката, в която се намира в момента Статус (Текущо местоположение) Дата на вписване в системата Местоположение - отдел Цена в лева Инвентарен номер Систематично азбучна сигнатура Баркод Номер на екземпляра Цена в евро Служебна бележка Служебен тип на артикула Бележка за публиката
  Не е изгубен Universal Decimal Classification Не е повреден без рестрикции ползва се в читалня 91313 Регионална библиотека "Любен Каравелов" Русе Регионална библиотека "Любен Каравелов" Русе Читалня 1993-01-01 Читалня 4.10 473748 Ч 633/635/К61Б 120000473748 1 2.10 Дата инв: 20.03.2017 Бележки инв: Ч2017 Книги  
  Не е изгубен Universal Decimal Classification Не е повреден без рестрикции ползва се в читалня 91314 Регионална библиотека "Любен Каравелов" Русе Регионална библиотека "Любен Каравелов" Русе Хранилище 1986-01-01 Хранилище 4.10 468595 Цб 145363 120000468595 2 2.10 Дост: Dp Вид: Д N: стар фонд Дата: 01.01.1986 Книги  
Изтеглен Не е изгубен Universal Decimal Classification Не е повреден без рестрикции заемане за дома 91315 Регионална библиотека "Любен Каравелов" Русе Регионална библиотека "Любен Каравелов" Русе Заемна - подръчен фонд 1986-01-01 Заемна - подръчен фонд 4.10 473379 П 633/635/К 61 120000473379 3 2.10 Дост: Pk Вид: Ф N: стар фонд Дата: 01.01.1986 Дата инв: 06.02.2018 Бележки инв: П2018 Книги  
Изтеглен Не е изгубен   Не е повреден без рестрикции заемане за дома 91316 Регионална библиотека "Любен Каравелов" Русе Регионална библиотека "Любен Каравелов" Русе   1986-01-01 Заемна - подръчен фонд 4.10 473378 П 633/635/К 61 473378 4 2.10 Дост: Pk Вид: Ф N: стар фонд Дата: 01.01.1986 Книги Отч.N: 5 , Дата: 19.01.2018
Изтеглен Не е изгубен Universal Decimal Classification Не е повреден без рестрикции заемане за дома 91317 Регионална библиотека "Любен Каравелов" Русе Регионална библиотека "Любен Каравелов" Русе Детски отдел 1986-01-01 Детски отдел 4.10 473747 ДН 633/635/К 61 473747 5 2.10 Дост: Pk Вид: Ф N: стар фонд Дата: 01.01.1986 Дата инв: 19.08.2015 Бележки инв: Д2015 Книги  
  Не е изгубен Universal Decimal Classification Не е повреден без рестрикции заемане за дома 91318 Регионална библиотека "Любен Каравелов" Русе Регионална библиотека "Любен Каравелов" Русе Детски отдел 1986-01-01 Детски отдел 4.10 473380 ДН 633/635/К 61 120000473380 6 2.10 Дост: Pk Вид: Ф N: стар фонд Дата: 01.01.1986 Дата инв: 19.08.2015 Бележки инв: Д2015 Книги  
Vip Innovations Ltd, Rousse, Bulgaria 2025